It looks like you're offline.
Open Library logo
additional options menu

MARC record from Internet Archive

LEADER: 00897cam 2200289Ia 4500
001 ocm47361748
003 OCoLC
005 20100804122019.0
008 010717s2001 nyub 000 1 eng d
040 $aHCO$cHCO$dIHI$dSLC
020 $a0373387059 (pbk.) :$c$4.50
020 $a9780373387052 (pbk.)
035 $a(OCoLC)47361748
043 $an-us-ca
050 4 $aPS3570.U737$bV57 2001x
100 1 $aTurner, Linda.
245 14 $aThe virgin mistress /$cLinda Turner.
260 $aNew York, N.Y. :$bSilhouette Books,$cc2001.
300 $a251 p. :$bmap ;$c17 cm.
440 0 $aColtons
500 $aSequel to: Beloved wolf / Kasey Michaels.
650 0 $aRanchers$zCalifornia$vFiction.
650 0 $aPrivate investigators$zCalifornia$vFiction.
650 0 $aTeachers$zCalifornia$vFiction.
655 7 $aLove stories.$2gsafd
994 $aZ0$bPMR
948 $hNO HOLDINGS IN PMR - 88 OTHER HOLDINGS